MARC보기
LDR00000nam c2200205 k 4500
001000000341284
00520260414161332
007ta
008260407s2025 ggkad r 000a kor
020 ▼a 9791170751472 ▼g 93330 : ▼c \23000
040 ▼a 248032 ▼c 248032 ▼d 248032
0490 ▼l EM111908 ▼l EM111909 ▼c 2
056 ▼a 342.1 ▼2 4
090 ▼a 342.1 ▼b 이54ㅅ
24520 ▼a (영화와 함께 보는) 사회복지와 인권 / ▼d 이성순 저
250 ▼a 첫째판
260 ▼a 고양 : ▼b 어가, ▼c 2025
300 ▼a 347 p. : ▼b 삽화, 표 ; ▼c 24 cm
504 ▼a 참고문헌(p. 341-347) 수록
653 ▼a 인권 ▼a 인권 보장 ▼a 사회 복지
7001 ▼a 이성순, ▼e 저
9500 ▼b \23000
990 ▼a 관리자2 ▼b 관리자2